| 000 | 00503nam a2200157Ia 4500 | ||
|---|---|---|---|
| 008 | 210716s1986 xx 000 0 und d | ||
| 020 | _a1556151578 | ||
| 041 | _aeng | ||
| 082 | _a005.45 DUNR | ||
| 100 | _aDuncan, Ray. | ||
| 245 |
_aAdvanced ms dos programming: the microsoft guide for assembly language and c programmers. _bMicrosoft guide for assembly language and c programmers. |
||
| 250 | _a2 | ||
| 260 |
_aWashington _bMicrosoft Press _c1986 |
||
| 300 | _axiv,669 | ||
| 650 | _aMS DOS(005.3682) | ||
| 999 |
_c181019 _d181019 |
||